[Event "Coupe Niveau 3"]
[Site "www.echecsemail.com"]
[Date "2026.01.26"]
[Round "1"]
[White "Nbelnico"]
[Black "Elghribi"]
[WhiteElo "1710"]
[BlackElo "1920"]
[Result "0-1"]
1.e4 d6
2.h3 Ng8f6
3.d3 g6
4.Ng1f3 Bf8g7
5.Bf1e2 O-O
6.O-O e5
7.a3 Nb8c6
8.Nb1c3 Nc6e7
9.Bc1e3 h6
10.d4 Nf6d7
11.d5 f5
12.exf5 gxf5
13.Nf3d2 f4
14.Be3xf4 exf4
15.Nd2f3 Nd7e5
16.Nc3e4 Bc8f5
17.Nf3d2 Ne7g6
18.Be2h5 Qd8h4
19.Bh5xg6 Bf5xg6
20.f3 Kh7
21.Ne4f2 Rf8g8
22.Nd2e4 Bg7f8
23.c3 Ne5c4
24.Qd1b3 Nc4e3
25.Rf1e1 Bg6xe4
26.Nf2xe4 Rg8xg2
27.Kh1 Qh4xh3
0-1

[Event "Défi( 10J+24H/c 10J Max )"]
[Site "www.echecsemail.com"]
[Date "2026.01.26"]
[Round "1"]
[White "Jeff75019"]
[Black "Patau"]
[WhiteElo "1450"]
[BlackElo "1700"]
[Result "0-1"]
1.e4 e5
2.Ng1f3 Nb8c6
3.Bf1c4 Bf8c5
4.Nf3xe5 Nc6xe5
5.Bc4xf7 Ne5xf7
6.O-O Ng8f6
7.d3 O-O
8.Qd1f3 d5
9.Qf3g3 dxe4
10.Bc1f4 Nf6h5
11.Bf4xc7 Nh5xg3
12.Bc7xd8 Rf8xd8
13.Rf1e1 Ng3h5
14.Re1xe4 Bc8f5
15.Re4c4 Ra8c8
16.Nb1c3 Nh5f6
17.Nc3b5 a6
18.Nb5c3 Rd8e8
19.h3 b5
20.Rc4f4 Bf5g6
21.h4 Re8e7
22.a4 bxa4
23.Nc3xa4 Bc5d6
24.Na4b6 Rc8xc2
25.Ra1xa6 Bd6xf4
26.Nb6d5 Rc2c1
0-1

[Event "Tournoi n27357"]
[Site "www.echecsemail.com"]
[Date "2026.01.26"]
[Round "1"]
[White "Abelito"]
[Black "Ragg"]
[WhiteElo "1600"]
[BlackElo "1540"]
[Result "0-1"]
1.e4 g6
2.d4 d6
3.Bf1c4 Bf8g7
4.Ng1f3 Ng8f6
5.Nb1c3 Bc8g4
6.Bc1f4 Nb8c6
7.d5 e5
8.dxe6 fxe6
9.O-O Nf6h5
10.Bf4g5 Nh5f6
11.Qd1e1 h6
12.Bg5e3 h5
13.Nf3h4 d5
14.Bc4d3 d4
15.f3 dxc3
16.Qe1xc3 Qd8d6
17.Nh4xg6 Rh8h7
18.Be3f4 Qd6d8
19.Bf4g5 Qd8d6
20.Bd3e2 Kf7
21.e5 Nc6xe5
22.Ng6xe5 Kg8
23.Ra1d1 Qd6b6
24.Bg5e3 c5
25.Be3xc5 Qb6c7
26.Rd1d7 Nf6xd7
27.Bc5d4 Qc7xc3
28.bxc3 Nd7xe5
29.fxg4 hxg4
30.Be2d1 Ra8f8
31.Bd4xa7 Ne5c4
32.Bd1e2 Nc4e5
33.c4 Rf8a8
34.Ba7b6 Ra8xa2
35.Be2d1 Ne5xc4
36.Bb6c7 Ra2b2
37.Bd1xg4 Nc4e3
38.Bg4xe6 Kh8
39.Rf1e1 Ne3xc2
40.Re1d1 Rh7h5
41.Rd1d8 Kh7
42.Rd8g8 Rb2b1
43.Kf2 Nc2d4
44.Rg8e8 Rb1b2
45.Ke3 Rb2b1
46.Be6g4 Rh5d5
47.Kf2 Rd5c5
48.Re8e7 Rb1b2
49.Kg3 Nd4f5
50.Kh3 Rc5c3
51.g3 Nf5xe7
{ abandon }0-1

[Event "Défi"]
[Site "www.echecsemail.com"]
[Date "2026.01.26"]
[Round "1"]
[White "Augustin"]
[Black "Tian"]
[WhiteElo "1510"]
[BlackElo "1270"]
[Result "1-0"]
1.e4 e5
2.Ng1f3 f6
3.Nb1c3 Bf8b4
4.Nc3d5 c6
5.Nd5xb4 a5
6.Nb4d3 d6
7.Bf1e2 Bc8g4
8.O-O Bg4xf3
9.Be2xf3 g5
10.Bf3h5 Kd7
11.Qd1g4 Kc7
12.b4 axb4
13.Nd3xb4 c5
14.Nb4d5 Kc6
15.d3 Ng8h6
16.Qg4e6 Qd8g8
17.Qe6xf6 Nb8d7
18.Qf6f3 g4
19.Qf3g3 Nd7f6
20.Nd5xf6 Qg8e6
21.Bc1g5 Ra8f8
22.Nf6d5 Nh6f7
23.Bh5xf7 Rf8xf7
24.Bg5f6 Rh8g8
25.Ra1b1 h5
26.Rb1b6 Kd7
27.Rb6xb7 Kc6
28.Rb7xf7 Qe6xf7
29.Bf6xe5 dxe5
30.Qg3xe5 h4
31.g3 hxg3
32.fxg3 Qf7d7
33.c4 Rg8e8
34.Rf1f6 Kb7
35.Qe5d6 Kc8
36.Nd5b6 Kb7
37.Qd6xd7 Ka6
38.Qd7xe8 Ka5
39.Qe8b5 1-0

[Event "Défi"]
[Site "www.echecsemail.com"]
[Date "2026.01.26"]
[Round "1"]
[White "Lancov"]
[Black "Tiounet"]
[WhiteElo "1940"]
[BlackElo "1560"]
[Result "1-0"]
1.e4 a6
2.d4 b5
3.c4 bxc4
4.Bf1xc4 Bc8b7
5.Nb1c3 Ng8f6
6.f3 g6
7.Bc1g5 Bf8g7
8.Qd1d2 O-O
9.Bg5h6 Rf8e8
10.Bh6xg7 Kxg7
11.Ng1e2 e6
12.g4 d6
13.g5 Nf6d7
14.h4 c5
15.O-O-O cxd4
16.Qd2xd4 Kg8
17.Qd4xd6 Qd8a5
18.h5 Nd7b6
19.Bc4b3 Nb8c6
20.hxg6 hxg6
21.Qd6h2 Kf8
22.Qh2h8 Ke7
23.Qh8f6 { abandon }1-0

[Event "Coupe Niveau 5"]
[Site "www.echecsemail.com"]
[Date "2026.01.26"]
[Round "1"]
[White "Alain64"]
[Black "Carrighir"]
[WhiteElo "2090"]
[BlackElo "2100"]
[Result "0-1"]
1.f4 d5
2.Ng1f3 Ng8f6
3.e3 g6
4.b3 Bf8g7
5.Bc1b2 c5
6.Bf1b5 Bc8d7
7.a4 O-O
8.O-O Nb8c6
9.Bb5xc6 Bd7xc6
10.Nf3e5 Ra8c8
11.d3 Qd8b6
12.Qd1e2 Rf8e8
13.Nb1d2 Nf6d7
14.Ra1b1 f6
15.Ne5xc6 Qb6xc6
16.e4 d4
17.Nd2f3 e5
18.fxe5 fxe5
19.Bb2c1 a6
20.Bc1d2 b5
21.Rb1a1 c4
22.axb5 axb5
23.bxc4 bxc4
24.Ra1a7 Bg7f8
25.Rf1a1 c3
26.Bd2g5 Rc8a8
27.Qe2f1 Bf8c5
28.Ra7xa8 Re8xa8
29.Qf1b1 Ra8b8
30.Qb1a2 Kg7
31.Qa2a6 Qc6xa6
32.Ra1xa6 h6
33.Bg5h4 Rb8b6
34.Ra6xb6 Bc5xb6
35.g4 Kf7
36.Bh4g3 Bb6c7
37.Nf3xd4 Bc7b6
38.Bg3f2 Bb6xd4
39.Bf2xd4 exd4
40.Kf2 Nd7e5
41.h3 Ke6
42.Ke2 g5
43.Ke1 Ne5g6
44.Kf2 Ng6f4
45.Kg3 Nf4xd3
{ abandon }0-1

[Event "Défi"]
[Site "www.echecsemail.com"]
[Date "2026.01.26"]
[Round "1"]
[White "Roger72"]
[Black "Kerenor"]
[WhiteElo "1280"]
[BlackElo "1600"]
[Result "0-1"]
1.e4 e5
2.Bf1c4 Ng8f6
3.d3 h6
4.Ng1f3 d6
5.Bc1e3 Bc8g4
6.Nb1d2 a6
7.Qd1e2 Nb8c6
8.O-O-O Bf8e7
9.h3 Bg4h5
10.g4 Bh5g6
11.g5 hxg5
12.Be3xg5 Nf6h5
13.Rh1g1 Qd8d7
14.Kb1 Nh5f4
15.Qe2e1 Nf4xh3
16.Rg1h1 O-O-O
17.Nd2b3 Be7xg5
18.Bc4d5 Nh3f4
19.Bd5xc6 Qd7xc6
20.Nf3xg5 Rh8e8
21.c4 f6
22.Nb3a5 Qc6c5
23.Na5b3 Qc5b6
24.Rh1g1 fxg5
25.Rg1xg5 Bg6h5
26.Rd1c1 Bh5f7
27.Rg5xg7 Nf4xd3
28.Qe1f1 Nd3xc1
29.Qf1xc1 Bf7e6
{ abandon }0-1

[Event "Défi"]
[Site "www.echecsemail.com"]
[Date "2026.01.26"]
[Round "1"]
[White "Lancov"]
[Black "Khamis"]
[WhiteElo "1930"]
[BlackElo "1920"]
[Result "0-1"]
1.e4 c5
2.c3 e5
3.d4 Ng8f6
4.dxe5 Nf6xe4
5.Bf1d3 Ne4g5
6.Ng1f3 Bf8e7
7.O-O Ng5xf3
8.Qd1xf3 O-O
9.Qf3g3 Be7h4
10.Qg3e3 Qd8e7
11.Nb1d2 Nb8c6
12.Nd2f3 Rf8e8
13.Nf3xh4 Qe7xh4
14.f4 d6
15.Rf1f3 Bc8g4
16.Rf3g3 Ra8c8
17.h3 Bg4d7
18.Qe3f2 dxe5
19.Rg3xg7 Kxg7
20.Qf2xc5 b6
21.Qc5d5 Bd7e6
22.Qd5e4 f5
23.Qe4e2 e4
24.Bd3b5 Re8d8
25.Bc1e3 Nc6e7
26.Ra1f1 Be6xa2
27.Rf1a1 Ba2b3
28.Ra1xa7 Kf8
29.Be3f2 Qh4xf4
30.Bf2e3 Qf4e5
31.Bb5a6 Rc8b8
32.Be3d4 Qe5f4
33.Qe2h5 h6
34.Ba6f1 Bb3f7
35.Qh5e2 Ne7c6
36.Bd4e3 Qf4d6
37.Qe2f2 Nc6xa7
38.Be3f4 Qd6c5
39.Bf4xh6 Ke8
40.Bh6e3 Qc5d5
41.Be3xb6 Na7c6
42.Bb6xd8 Qd5xd8
43.Qf2xf5 Qd8d5
44.Qf5h7 Rb8xb2
45.Qh7h8 Kd7
46.c4 Qd5d4
{ abandon }0-1

[Event "Coupe Niveau 5"]
[Site "www.echecsemail.com"]
[Date "2026.01.26"]
[Round "1"]
[White "Nicodemouscron"]
[Black "Zax"]
[WhiteElo "2120"]
[BlackElo "2280"]
[Result "0-1"]
1.e4 d5
2.exd5 Qd8xd5
3.Nb1c3 Qd5d6
4.d4 Ng8f6
5.Ng1f3 Bc8g4
6.Bf1e2 a6
7.Bc1e3 Nb8c6
8.Qd1d2 e6
9.h3 Bg4h5
10.O-O-O O-O-O
11.g4 Bh5g6
12.Be3f4 Qd6b4
13.Bf4e3 Qb4a5
14.Be2d3 Nc6b4
15.Bd3xg6 hxg6
16.a3 Nb4d5
17.Nc3xd5 Qa5xd5
18.Nf3e5 Qd5a2
19.c3 Rd8d5
20.Ne5xf7 Nf6e4
21.Qd2c2 Rd5b5
22.Qc2b1 Rb5xb2
23.Qb1xa2 Rb2xa2
24.Be3d2 Bf8xa3
25.Kb1 Ra2b2
26.Ka1 Rh8f8
27.Bd2c1 Rb2c2
{ abandon }0-1

[Event "Défi"]
[Site "www.echecsemail.com"]
[Date "2026.01.26"]
[Round "1"]
[White "Steflam"]
[Black "Lectrice"]
[WhiteElo "1150"]
[BlackElo "1450"]
[Result "0-1"]
1.e4 e6
2.e5 Nb8c6
3.Ng1f3 f6
4.d4 h6
5.Bf1b5 a6
6.Bb5xc6 bxc6
7.Nb1c3 f5
8.Bc1d2 g6
9.Qd1e2 g5
10.O-O-O d6
11.h3 d5
12.g4 f4
13.Rd1e1 c5
14.h4 c4
15.hxg5 Bf8g7
16.Bd2xf4 hxg5
17.Bf4xg5 Ng8e7
18.Rh1g1 Bg7f8
19.Nf3h4 Rh8g8
20.Bg5f6 Bf8g7
21.Bf6xe7 Qd8xe7
22.Nh4g6 Qe7g5
{ abandon }0-1

[Event "Eq:Pirates du Mat-modesty :"]
[Site "www.echecsemail.com"]
[Date "2026.01.26"]
[Round "1"]
[White "Zax"]
[Black "Eltche"]
[WhiteElo "2260"]
[BlackElo "2610"]
[Result "1/2-1/2"]
1.e4 c5
2.d4 cxd4
3.c3 d5
4.exd5 Qd8xd5
5.cxd4 Nb8c6
6.Ng1f3 e5
7.Nb1c3 Bf8b4
8.Bc1d2 Bb4xc3
9.Bd2xc3 e4
10.Nf3e5 Nc6xe5
11.dxe5 Ng8e7
12.Qd1a4 Bc8d7
13.Qa4a3 Qd5e6
14.Ra1d1 O-O
15.Qa3d6 Bd7c6
16.Bf1e2 Ne7d5
17.Be2c4 Qe6xd6
18.exd6 Nd5xc3
19.bxc3 Rf8e8
20.O-O Re8d8
21.Bc4b3 g6
22.Rd1d4 Rd8d7
23.Rf1d1 Ra8d8
24.Kf1 Kg7
25.Ke2 Kf6
26.f4 exf3
27.gxf3 Rd8e8
28.Kd3 g5
29.h3 h5
30.c4 b6
31.Rd1c1 Re8d8
32.c5 bxc5
33.Rc1xc5 Bc6xf3
34.h4 Rd7xd6
35.Rd4xd6 Rd8xd6
36.Ke3 Bf3g4
37.Rc5xg5 Rd6a6
{ nul }1/2-1/2

[Event "ZGOUGOU"]
[Site "www.echecsemail.com"]
[Date "2026.01.26"]
[Round "1"]
[White "Casisimed"]
[Black "4x4"]
[WhiteElo "1620"]
[BlackElo "1480"]
[Result "1-0"]
1.e4 e5
2.Ng1f3 Nb8c6
3.Nb1c3 Ng8f6
4.Bf1c4 Bf8d6
5.O-O Qd8e7
6.d3 Nc6d4
7.Nf3xd4 exd4
8.Nc3b5 c6
9.Nb5xd6 Qe7xd6
10.Rf1e1 b5
11.e5 Qd6c7
12.Bc4b3 O-O
13.exf6 g6
14.Bc1h6 Rf8d8
15.Re1e7 Qc7d6
16.Bb3xf7 Kh8
17.Bh6g7 1-0

[Event "Tournoi n27398"]
[Site "www.echecsemail.com"]
[Date "2026.01.26"]
[Round "1"]
[White "Philoconche"]
[Black "Tiounet"]
[WhiteElo "1530"]
[BlackElo "1660"]
[Result "1-0"]
1.c4 b6
2.Nb1c3 Bc8b7
3.e4 g6
4.Ng1e2 Bf8g7
5.d3 Ng8f6
6.Bc1f4 O-O
7.h3 d6
8.Qd1c2 Nb8d7
9.O-O-O c5
10.Rh1g1 Ra8b8
11.g4 Bb7c6
12.Ne2g3 a6
13.g5 Nf6e8
14.Bf1g2 Nd7e5
15.Qc2e2 Ne8c7
16.h4 b5
17.h5 bxc4
18.Bf4xe5 Bg7xe5
19.hxg6 hxg6
20.dxc4 Be5xc3
21.bxc3 Nc7e6
22.e5 Bc6xg2
23.Rg1xg2 Ne6xg5
24.Qe2e3 Qd8b6
25.Kd2 Qb6b2
26.Ke1 Ng5e6
27.exd6 exd6
28.a4 Rb8b3
29.Ng3e4 Qb2a3
30.Qe3h6 { abandon }1-0

[Event "Tournoi n27412"]
[Site "www.echecsemail.com"]
[Date "2026.01.26"]
[Round "1"]
[White "Tiounet"]
[Black "Hermite"]
[WhiteElo "1560"]
[BlackElo "1550"]
[Result "1-0"]
1.a3 d5
2.b4 e6
3.Bc1b2 Ng8f6
4.g3 c5
5.bxc5 Bf8xc5
6.e3 O-O
7.Bf1g2 Qd8b6
8.Bb2xf6 gxf6
9.Ng1e2 Qb6b2
10.Nb1c3 Bc5xa3
11.O-O Ba3c5
12.Nc3a4 Qb2b5
13.Na4xc5 Qb5xc5
14.Ne2f4 Kh8
15.Nf4h5 f5
16.Nh5f4 Rf8g8
17.Nf4h3 Nb8d7
18.f4 Nd7f8
19.Nh3g5 Qc5e7
20.Qd1h5 Rg8g7
21.Qh5e2 b6
22.Qe2b5 Bc8d7
23.Qb5b2 f6
24.Ng5f3 Nf8g6
25.Ra1a2 Ra8g8
26.Rf1a1 Rg8a8
27.Ra2xa7 Ra8xa7
28.Ra1xa7 Qe7d6
29.Qb2xf6 Ng6f8
30.Ra7a8 Kg8
31.Nf3h4 Rg7f7
32.Qf6h6 Rf7g7
33.Nh4xf5 Rg7g6
34.Nf5xd6 Rg6xh6
35.Ra8b8 b5
36.Nd6xb5 Bd7xb5
37.Rb8xb5 Rh6f6
38.Rb5b6 Nf8g6
39.Bg2xd5 Kf7
40.Bd5b3 Ng6e7
41.g4 Kg6
42.Rb6xe6 Rf6xe6
43.Bb3xe6 Kf6
44.Be6f5 h6
45.Bf5d3 Kg7
46.h4 Ne7g6
47.Bd3xg6 Kxg6
48.e4 Kg7
49.d4 Kf6
50.c4 Ke6
51.Kf2 Kf6
52.Ke3 Ke6
53.f5 { abandon }1-0

[Event "1801"]
[Site "www.echecsemail.com"]
[Date "2026.01.26"]
[Round "1"]
[White "Turbo"]
[Black "Katastrofic"]
[WhiteElo "1350"]
[BlackElo "1370"]
[Result "0-1"]
1.d4 d5
2.Ng1f3 e6
3.e3 Bf8e7
4.a3 Ng8f6
5.Bf1d3 O-O
6.h3 b6
7.O-O Bc8a6
8.Bd3xa6 Nb8xa6
9.b4 c5
10.b5 Na6c7
11.a4 c4
12.Nf3e5 a6
13.bxa6 Ra8xa6
14.Ne5c6 Qd8e8
15.Nc6e5 Nf6d7
16.Qd1g4 Be7f6
17.Nb1d2 Bf6xe5
18.dxe5 Nd7xe5
19.Qg4f4 f6
20.Qf4g3 Ra6xa4
21.Nd2f3 Ra4xa1
22.e4 Qe8g6
23.Qg3f4 Ne5xf3
24.Kh1 Nf3d4
25.Qf4xc7 Nd4e2
26.Qc7xb6 Ne2f4
27.g4 Qg6xe4
28.f3 Qe4e5
29.Qb6f2 Nf4e2
30.Rf1e1 Ra1xc1
31.Kg2 Rc1xe1
32.Qf2xe1 Ne2f4
{ abandon }0-1

[Event "Tournoi n27384"]
[Site "www.echecsemail.com"]
[Date "2026.01.26"]
[Round "1"]
[White "Mokanne"]
[Black "Abelito"]
[WhiteElo "1430"]
[BlackElo "1560"]
[Result "1-0"]
1.e4 e5
2.g3 Ng8f6
3.d3 Bf8c5
4.Bf1e2 Nb8c6
5.c3 d5
6.Bc1g5 d4
7.Ng1f3 O-O
8.Bg5h4 b5
9.h3 b4
10.c4 a5
11.Qd1a4 Bc8d7
12.Qa4c2 Bc5e7
13.g4 a4
14.O-O h5
15.Kh2 hxg4
16.Nf3g1 gxh3
17.Nb1d2 Nf6e8
18.Bh4g3 Ne8d6
19.Nd2f3 Be7f6
20.Ng1xh3 Qd8c8
21.Nf3d2 Bd7xh3
22.Rf1g1 Bh3g4
23.Nd2f3 Bf6e7
24.Nf3h4 Nc6a5
25.f3 Bg4e6
26.Be2f1 b3
27.Qc2e2 Na5c6
28.a3 Nc6a5
29.Nh4g2 Be7f6
30.Ra1c1 Bf6g5
31.Rc1d1 c5
32.Ng2h4 Na5c6
33.Bf1g2 Nd6e8
34.Bg3f2 Nc6e7
35.Bf2g3 Bg5f4
36.Qe2f2 Bf4e3
37.Qf2f1 Be3xg1
38.Qf1xg1 Qc8c7
39.Bg2h3 Qc7c8
40.f4 Be6xh3
41.f5 Bh3g4
42.Rd1d2 Ne8f6
43.Bg3xe5 Ra8a6
44.Be5xf6 Qc8c7
45.Kh1 Ra6xf6
46.Qg1xg4 Rf6h6
47.Rd2h2 Ne7xf5
48.exf5 Rf8e8
49.Qg4d1 Qc7g3
50.Nh4f3 Qg3xf3
51.Qd1xf3 g6
52.Rh2xh6 { abandon }1-0

[Event "Défi"]
[Site "www.echecsemail.com"]
[Date "2026.01.26"]
[Round "1"]
[White "Lancov"]
[Black "Elghribi"]
[WhiteElo "1930"]
[BlackElo "1940"]
[Result "1/2-1/2"]
1.e4 d6
2.d4 Ng8f6
3.Nb1c3 g6
4.f3 Bf8g7
5.Ng1e2 O-O
6.Bc1e3 h6
7.Qd1d2 Kh7
8.O-O-O Nb8c6
9.g4 e5
10.d5 Nc6e7
11.h4 Nf6e8
12.Bf1h3 f5
13.exf5 gxf5
14.gxf5 Bc8xf5
15.Bh3g4 Ne8f6
16.Rd1g1 Nf6xg4
17.fxg4 Bf5g6
18.h5 Bg6f7
19.Nc3e4 Ne7xd5
20.g5 Nd5xe3
21.Qd2xe3 Bf7e6
22.g6 Kg8
23.Ne2c3 d5
24.Ne4g5 hxg5
25.h6 Bg7f6
26.g7 Bf6xg7
27.hxg7 Kxg7
28.Rg1xg5 Kf7
29.Qe3xe5 Qd8f6
30.Rh1h7 Ke8
31.Qe5xf6 Rf8xf6
32.Rg5g7 Ra8c8
33.b3 Rf6f7
34.Nc3b5 a6
35.Nb5d4 Rf7xg7
36.Rh7xg7 Be6f7
37.Nd4f5 Kf8
38.Rg7h7 Rc8e8
39.Nf5h6 Re8e7
40.Kd2 Bf7g6
41.Rh7xe7 Kxe7
42.c3 Ke6
43.Ke3 c5
44.Nh6g4 b5
45.a3 a5
46.Ng4f2 b4
47.axb4 axb4
48.cxb4 cxb4
49.Kd4 Bg6c2
50.Kc5 Bc2xb3
51.Kxb4 Bb3c2
52.Kc3 Bc2f5
53.Kd4 Bf5b1
{ nul }1/2-1/2

[Event "Défi( 10J+24H/c 10J Max )"]
[Site "www.echecsemail.com"]
[Date "2026.01.26"]
[Round "1"]
[White "Scipio"]
[Black "Thierry22"]
[WhiteElo "1380"]
[BlackElo "1520"]
[Result "1-0"]
1.e4 e5
2.c4 Nb8c6
3.Ng1f3 Ng8f6
4.Nb1c3 d6
5.d3 Bc8g4
6.h3 Bg4h5
7.Bf1e2 Bh5g6
8.Bc1e3 Bf8e7
9.a3 O-O
10.Qd1d2 Nc6a5
11.Qd2c2 c5
12.O-O-O h6
13.Nf3h4 a6
14.g4 Qd8d7
15.Nh4xg6 fxg6
16.g5 Nf6h7
17.gxh6 gxh6
18.Rh1h2 g5
19.Rd1g1 Rf8f7
20.Nc3d5 Be7f8
21.Be2h5 Rf7g7
22.f3 Ra8b8
23.Bh5g4 Na5c6
24.Bg4xd7 Rg7xd7
25.f4 exf4
26.Be3f2 Nc6d4
27.Qc2a4 Rd7f7
28.Bf2xd4 cxd4
29.Qa4d1 Bf8g7
30.h4 Bg7e5
31.Rh2h3 Rb8c8
32.hxg5 hxg5
33.Qd1h5 Rc8d8
34.Qh5g6 Rf7g7
35.Qg6e6 Kf8
36.Qe6f5 Rg7f7
37.Qf5g6 Rd8d7
38.Rg1h1 Rf7g7
39.Qg6f5 Rd7f7
40.Qf5c8 1-0

[Event "Défi"]
[Site "www.echecsemail.com"]
[Date "2026.01.26"]
[Round "1"]
[White "Thierry22"]
[Black "Gilberthellemans"]
[WhiteElo "1510"]
[BlackElo "1590"]
[Result "0-1"]
1.e4 e5
2.Ng1f3 d6
3.d4 exd4
4.Nf3xd4 Ng8f6
5.Nb1c3 c6
6.Bf1d3 Bf8e7
7.O-O Bc8g4
8.Nd4f3 h6
9.h3 Bg4h5
10.Qd1e1 O-O
11.Nf3d4 Nb8d7
12.Nd4f5 Nd7e5
13.Nf5xe7 Qd8xe7
14.Bc1f4 Ne5g6
15.Bf4g3 Ng6e5
16.Nc3e2 c5
17.b3 Bh5xe2
18.Qe1xe2 Ne5xd3
19.cxd3 Nf6d7
20.Ra1c1 b6
21.Qe2g4 Nd7f6
22.Bg3h4 Kh8
23.Qg4f4 Qe7e6
24.Qf4f3 Nf6d7
25.Qf3g3 Nd7e5
26.Qg3e3 Kh7
27.d4 cxd4
28.Qe3xd4 Qe6g6
29.Rc1c7 f6
30.Qd4xd6 Ne5f3
31.Kh1 Nf3xh4
32.g3 Nh4f3
33.Qd6f4 Nf3d4
34.Rc7d7 Nd4e6
35.Qf4d6 Qg6xe4
36.Kh2 Qe4e2
37.Kg2 Ne6c5
38.Rd7e7 Qe2xa2
39.Qd6d5 Ra8d8
40.Qd5f5 Kh8
41.Qf5g6 Rf8g8
42.Rf1e1 Rd8d2
43.g4 Rd2xf2
44.Kg3 Rf2g2
45.Kh4 Qa2f2
46.Kh5 Rg2h2
47.Re1e3 Qf2f1
48.Kh4 Qf1f2
49.Re3g3 Rh2g2
50.Re7e3 Nc5d7
51.Qg6e4 Rg2xg3
52.Re3xg3 Qf2c5
53.Qe4e6 Qc5g5
0-1

[Event "Défi( 10J+24H/c 10J Max )"]
[Site "www.echecsemail.com"]
[Date "2026.01.26"]
[Round "1"]
[White "Gimick"]
[Black "Mandrak"]
[WhiteElo "1540"]
[BlackElo "1590"]
[Result "0-1"]
1.e4 e5
2.Ng1f3 d6
3.Bf1c4 Qd8e7
4.d3 Bc8e6
5.Nb1d2 Nb8c6
6.c3 O-O-O
7.Nd2b3 d5
8.exd5 Be6xd5
9.Bc4xd5 Rd8xd5
10.O-O e4
11.Rf1e1 Rd5xd3
12.Qd1e2 exf3
13.Qe2xe7 Bf8xe7
14.g3 g5
15.h3 h5
16.Re1e3 Rd3xe3
17.Bc1xe3 b6
18.Ra1d1 Nc6e5
19.Rd1d5 f6
20.Nb3d2 c6
21.Rd5d4 Ng8h6
22.Rd4e4 Be7d6
23.b4 Rh8d8
24.Be3d4 Nh6f7
25.a4 Kb7
26.a5 bxa5
27.bxa5 Ka6
28.Nd2b3 Rd8d7
29.Nb3c5 Bd6xc5
30.Bd4xe5 Nf7xe5
{ abandon }0-1

[Event "Défi"]
[Site "www.echecsemail.com"]
[Date "2026.01.26"]
[Round "1"]
[White "Kerenor"]
[Black "Lecevenol"]
[WhiteElo "1560"]
[BlackElo "1260"]
[Result "1-0"]
1.e4 e5
2.Ng1f3 Qd8f6
3.Nb1c3 c6
4.Bf1c4 d6
5.d3 Bc8e6
6.Bc1g5 Qf6g6
7.Qd1d2 h6
8.O-O-O hxg5
9.Nf3xg5 Bf8e7
10.f4 exf4
11.Ng5xe6 fxe6
12.Qd2xf4 Be7g5
13.g3 Bg5xf4
14.gxf4 Ke7
15.f5 exf5
16.exf5 Qg6xf5
17.Rd1e1 Kd7
18.Bc4e6 Ke7
19.Be6xf5 Kd8
20.Nc3e4 Ke7
21.Bf5h3 Ng8f6
22.Ne4c5 Kf7
23.Bh3e6 Kf8
24.Nc5xb7 Nf6e8
25.Rh1f1 Ne8f6
26.Nb7xd6 Nb8d7
27.Nd6f7 Rh8xh2
28.Be6xd7 Nf6xd7
29.Nf7g5 Kg8
30.Ng5f3 Rh2h5
31.Nf3d2 Rh5a5
32.a3 Ra5h5
33.Nd2e4 Ra8e8
34.Ne4f6 { abandon }1-0

[Event "Tournoi n27410"]
[Site "www.echecsemail.com"]
[Date "2026.01.26"]
[Round "1"]
[White "Tiounet"]
[Black "Vb83"]
[WhiteElo "1610"]
[BlackElo "1490"]
[Result "1-0"]
1.a3 d5
2.b4 e5
3.Bc1b2 Nb8d7
4.Ng1f3 e4
5.Nf3d4 Qd8f6
6.Qd1c1 c5
7.Nd4b5 Qf6b6
8.a4 cxb4
9.Bb2d4 Bf8c5
10.Bd4xc5 Qb6xc5
11.e3 a6
12.Nb5d4 Ng8f6
13.Qc1b2 O-O
14.g3 Nd7e5
15.Bf1g2 Bc8g4
16.O-O a5
17.Nd4b3 Qc5c4
18.Qb2xe5 Qc4xc2
19.Nb3d4 Qc2d3
20.Nd4b5 Bg4f3
21.Nb5c7 Bf3xg2
22.Kxg2 Ra8c8
23.Nc7b5 Nf6d7
24.Qe5d6 Rf8d8
25.Qd6e7 Qd3c4
26.Nb5d6 Qc4c6
27.Qe7xf7 Kh8
28.Nd6f5 Qc6g6
29.Qf7xg6 hxg6
30.Nf5e7 Rc8c7
31.Ne7xg6 Kg8
32.Ng6e7 Kf7
33.Ne7xd5 Nd7c5
34.Nd5f4 Nc5b3
35.Ra1a2 Nb3c5
36.Rf1c1 Rd8c8
37.Nf4d5 Rc7c6
38.h4 Nc5d3
39.Rc1xc6 Rc8xc6
40.g4 b3
41.Ra2a3 Nd3c5
42.Nb1c3 Nc5e6
43.Ra3xb3 Ne6c5
44.Rb3b5 Nc5d3
45.Rb5xa5 Nd3e1
46.Kg3 Ne1d3
47.Ra5a7 Nd3c5
48.Kf4 Ke6
49.Nd5b4 g6
50.Nb4xc6 bxc6
51.Nc3xe4 Nc5xe4
52.Kxe4 { abandon }1-0

[Event "Tournoi n27383"]
[Site "www.echecsemail.com"]
[Date "2026.01.26"]
[Round "1"]
[White "Legrillon"]
[Black "Vvvv"]
[WhiteElo "1740"]
[BlackElo "1700"]
[Result "0-1"]
1.e4 c5
2.c4 e5
3.Ng1f3 Nb8c6
4.h3 Ng8f6
5.Nb1c3 Nc6d4
6.Nf3xe5 g6
7.d3 d6
8.Ne5f3 Nd4c6
9.Bc1g5 Bf8g7
10.Qd1d2 O-O
11.Bg5h6 Rf8e8
12.Bh6xg7 Kxg7
13.Bf1e2 Nc6e5
14.Nf3xe5 dxe5
15.a3 a6
16.O-O Bc8e6
17.Ra1d1 Re8e7
18.Qd2e3 b6
19.b4 Nf6d7
20.b5 a5
21.f4 f5
22.exf5 Be6xf5
23.Nc3d5 exf4
24.Qe3xf4 Re7xe2
25.Rf1f2 Re2xf2
26.Kxf2 Ra8a7
27.d4 Nd7f6
28.Nd5xf6 Qd8xf6
29.d5 Qf6b2
30.Kg1 Ra7e7
31.Rd1f1 Qb2d4
32.Qf4xd4 cxd4
33.c5 bxc5
34.b6 Bf5d3
35.Rf1f3 Bd3e4
36.Rf3b3 Be4xd5
37.Rb3b5 Re7e1
38.Kh2 Re1e2
39.h4 Re2xg2
40.Kh3 Rg2a2
41.Rb5xc5 Ra2xa3
42.Kg4 Bd5f3
43.Kf4 Kh6
44.Rc5b5 Bf3b7
45.Rb5b2 Ra3a4
46.Ke5 d3
47.Kd6 Ra4b4
48.Rb2a2 a4
49.Kc5 Rb4xh4
50.Kd6 Rh4d4
51.Kc7 d2
{ abandon }0-1

[Event "OAHU 2"]
[Site "www.echecsemail.com"]
[Date "2026.01.26"]
[Round "1"]
[White "Yab414"]
[Black "Intrigue"]
[WhiteElo "1640"]
[BlackElo "1720"]
[Result "1-0"]
1.e4 e6
2.Ng1f3 d5
3.exd5 exd5
4.Bf1b5 c6
5.Qd1e2 Qd8e7
6.Bb5a4 Qe7xe2
7.Kxe2 Ng8f6
8.Rh1e1 Bf8e7
9.Kf1 Bc8e6
10.Kg1 O-O
11.d4 b5
12.Ba4b3 Rf8e8
13.Nb1c3 a5
14.a4 b4
15.Nc3e2 Nf6e4
16.Bc1f4 Nb8d7
17.Ne2g3 h6
18.Ng3xe4 dxe4
19.Bb3xe6 fxe6
20.Re1xe4 Be7f6
21.Nf3e5 Nd7xe5
22.dxe5 Bf6e7
23.b3 Ra8d8
24.Bf4e3 Rd8d5
25.h3 Re8d8
26.Kh2 Be7c5
27.Re4c4 Bc5xe3
28.fxe3 Rd5xe5
29.e4 Rd8d6
30.Ra1c1 c5
31.Rc1e1 Rd6d4
32.Re1e2 Rd4xc4
33.bxc4 Kf7
34.Kg3 Kg6
35.h4 h5
36.Kf3 Kf6
37.g4 hxg4
38.Kxg4 Kg6
39.Kf4 Re5h5
40.Re2g2 Kf6
41.Rg2g5 e5
42.Kg4 Rh5xg5
43.hxg5 Kg6
44.Kh4 Kf7
45.Kh5 Kf8
46.Kg6 Kg8
47.Kf5 Kf7
48.Kxe5 { abandon }1-0

[Event "Eq:Avalon-LES CHATTERBOX :"]
[Site "www.echecsemail.com"]
[Date "2026.01.26"]
[Round "1"]
[White "Panchoa"]
[Black "Janolapin"]
[WhiteElo "1580"]
[BlackElo "1700"]
[Result "0-1"]
1.e4 e5
2.Ng1f3 Nb8c6
3.Bf1c4 Nc6a5
4.O-O Na5xc4
5.d3 Nc4d6
6.Bc1g5 Bf8e7
7.Qd1d2 Be7xg5
8.Nf3xg5 Ng8e7
9.Qd2e2 O-O
10.Nb1c3 b6
11.Qe2f3 Bc8b7
12.Nc3e2 f6
13.Ng5h3 Ne7g6
14.g3 Nd6b5
15.c3 d5
16.a4 dxe4
17.dxe4 Qd8e7
18.axb5 Ra8d8
19.Ra1xa7 Bb7c8
20.Kg2 Rd8d2
21.b4 Qe7d6
22.Ra7a1 Qd6e6
23.Qf3e3 Qe6xh3
24.Kg1 Rf8d8
25.c4 Qh3g4
26.Ra1e1 Rd8d3
27.f3 Rd3xe3
28.fxg4 Re3xe2
{ abandon }0-1

[Event "Tournoi n27402"]
[Site "www.echecsemail.com"]
[Date "2026.01.26"]
[Round "1"]
[White "Tartu"]
[Black "Pioupiou22"]
[WhiteElo "1740"]
[BlackElo "1730"]
[Result "1-0"]
1.d4 Ng8f6
2.Bc1g5 Nf6e4
3.Bg5h4 d5
4.f3 Ne4d6
5.Nb1c3 c6
6.e4 g6
7.exd5 cxd5
8.Bf1d3 Qd8a5
9.Ng1e2 Bf8g7
10.O-O O-O
11.a3 Qa5b6
12.Nc3xd5 Qb6d8
13.Bh4xe7 Qd8a5
14.Be7xf8 Kxf8
15.Ne2c3 Bg7xd4
16.Kh1 Bc8d7
17.b4 Qa5d8
18.Ra1b1 a6
19.Nc3e2 Bd4g7
20.c4 b6
21.Ne2c3 Nb8c6
22.Rb1c1 Qd8h4
23.Nd5xb6 Ra8d8
24.Nb6xd7 Rd8xd7
25.Qd1e1 Qh4f6
26.Nc3d5 Qf6g5
27.Bd3b1 Bg7e5
28.f4 Be5xf4
29.Nd5xf4 Rd7e7
30.Qe1d2 Qg5e5
31.Rc1e1 Nd6e4
32.Bb1xe4 Qe5c7
33.Nf4d5 Qc7d8
34.Qd2h6 Kg8
35.Nd5xe7 Nc6xe7
36.Be4b1 Ne7c6
37.Re1d1 Qd8f6
38.Rf1xf6 { abandon }1-0

[Event "Eq:modesty-au plaisir du jeux  :"]
[Site "www.echecsemail.com"]
[Date "2026.01.26"]
[Round "1"]
[White "Upsalin"]
[Black "Chekenblanc"]
[WhiteElo "2510"]
[BlackElo "2300"]
[Result "1-0"]
1.e4 c6
2.d4 d5
3.Nb1d2 dxe4
4.Nd2xe4 Ng8f6
5.Ne4g3 h5
6.Ng1f3 h4
7.Ng3e2 Bc8f5
8.h3 e6
9.Ne2c3 Bf8e7
10.Bf1d3 g6
11.O-O Nb8d7
12.Nc3e2 Qd8c7
13.Bc1f4 Be7d6
14.Bf4g5 Nf6e4
15.Bg5e3 Nd7f6
16.c4 O-O-O
17.c5 Bd6e7
18.Be3f4 Qc7d7
19.Nf3e5 Qd7e8
20.Qd1a4 { abandon }1-0

[Event "Défi"]
[Site "www.echecsemail.com"]
[Date "2026.01.26"]
[Round "1"]
[White "Augustin"]
[Black "Jmr"]
[WhiteElo "1480"]
[BlackElo "1540"]
[Result "0-1"]
1.e4 e5
2.Ng1f3 d6
3.Bf1c4 h6
4.Nb1c3 Ng8f6
5.d4 Nb8c6
6.dxe5 dxe5
7.Nf3xe5 Qd8xd1
8.Nc3xd1 Nc6xe5
9.Bc4e2 Bf8d6
10.Bc1f4 O-O
11.O-O Nf6xe4
12.Be2d3 Ne4f6
13.Nd1c3 a6
14.Rf1e1 Rf8e8
15.Nc3d5 Nf6xd5
16.Bf4xe5 Re8xe5
17.Re1xe5 Bd6xe5
18.Ra1e1 Be5xh2
19.Kxh2 Kf8
20.Bd3c4 Nd5b6
21.Bc4d3 Bc8d7
22.Bd3e4 Ra8e8
23.f3 Bd7f5
24.g4 Bf5xe4
25.fxe4 Nb6c4
26.b4 Nc4e5
27.a3 Ne5f3
{ abandon }0-1